Złoty Puchar Concacaf 2025 - nagła śmierć - Statystyki

Ogólne statystyki
  • Ten quiz został rozwiązany 29 razy
  • Średni wynik to 8 z 16
Answers on the Grid
Answers color-coded by a green-red scale on the quiz's grid according to % correct below.
USA
Kanada
Meksyk
Martynika
Gwadelupa
Jamajka
Bermudy
Salwador
Haiti
Surinam
Katar
Kostaryka
Honduras
Dominikana
Curacao
Ekwador
Trynidad i Tobago
Arabia Saudyjska
Gujana
Gwatemala
Nikaragua
Panama
Dominika
Maroko
 
Statystyki odpowiedzi
Odpowiedź % Poprawnych
USA
83%
Kostaryka
74%
Honduras
70%
Meksyk
70%
Trynidad i Tobago
65%
Kanada
61%
Panama
61%
Dominikana
52%
Jamajka
52%
Haiti
43%
Salwador
43%
Gwatemala
39%
Arabia Saudyjska
35%
Curacao
30%
Surinam
17%
Gwadelupa
13%
Nie znaleziono quizów pasujących do podanych kryteriów
Rozkład punktacji
Procent ludzi z każdym wynikiem
Percentyl według liczby udzielonych odpowiedzi
Twoja historia wyników
Nie rozwiązałeś tego quizu